[Event "Quebec-ch U20"]
[Site "Montreal CAN"]
[Date "1987.05.16"]
[Round "2"]
[White "Girard, Robin"]
[Black "Hurtubise, Martin"]
[Result "1-0"]
[WhiteElo "2169"]
[BlackElo "1725"]
[PlyCount "77"]
[EventDate "1987.05.15"]
[EventType "tourn"]
[EventRounds "7"]
[EventCountry "CAN"]

1. e4 e5 2. Nf3 Nc6 3. Bb5 a6 4. Ba4 Nf6 5. O-O Be7 6. Re1 b5 7. Bb3 O-O 8. a4
Bb7 9. c3 d6 10. d4 Nd7 11. Nbd2 Bf6 12. Nf1 Re8 13. Ng3 Na5 14. Bc2 g6 15. d5
Be7 16. Nd2 c6 17. b4 Nc4 18. dxc6 Bxc6 19. Nxc4 bxc4 20. Nf1 Nb6 21. Ne3 a5
22. b5 Bb7 23. Ng4 h5 24. Ne3 Qc7 25. Qf3 Rad8 26. g4 h4 27. g5 d5 28. Ng4 Rf8
29. Nf6+ Kg7 30. exd5 Nxd5 31. Be4 Bxf6 32. gxf6+ Kg8 33. Ba3 Rfe8 34. Rad1 Re6
35. Bxd5 e4 36. Qe3 Rxd5 37. Rxd5 Bxd5 38. Qh6 Rxf6 39. Bf8 1-0

[Event "Quebec-ch U20"]
[Site "Montreal CAN"]
[Date "1987.05.17"]
[Round "4"]
[White "Girard, Robin"]
[Black "Cazelais, Marc"]
[Result "1/2-1/2"]
[WhiteElo "2169"]
[BlackElo "1721"]
[PlyCount "89"]
[EventDate "1987.05.15"]
[EventType "tourn"]
[EventRounds "7"]
[EventCountry "CAN"]

1. e4 c5 2. Nf3 d6 3. d4 cxd4 4. Nxd4 Nf6 5. Nc3 g6 6. Be3 Bg7 7. f3 O-O 8. Qd2
Nc6 9. Bc4 Bd7 10. h4 h5 11. O-O-O Rc8 12. Bb3 Ne5 13. Bg5 Rc5 14. g4 hxg4 15.
h5 Nxh5 16. f4 Nf3 17. Nxf3 gxf3 18. Nd5 Re8 19. f5 Rxd5 20. Bxd5 Qb6 21. Bb3
e6 22. fxg6 fxg6 23. Be3 Qc6 24. Bd4 Qxe4 25. Bxg7 Kxg7 26. Qxd6 Bc6 27. Kb1
Qf4 28. Qc5 e5 29. Bc4 e4 30. Rxh5 gxh5 31. Qxh5 f2 32. Rh1 Kf8 33. Qc5+ Kg7
34. Qd4+ Kg6 35. Be2 Re5 36. Qd6+ Kg7 37. Qc7+ Kf6 38. Qh7 Rg5 39. Rh6+ Ke5 40.
Qh8+ Kd5 41. c4+ Kc5 42. b4+ Kxb4 43. Qb2+ Kc5 44. Qa3+ Kb6 45. Qb4+ 1/2-1/2

[Event "Quebec-ch U20"]
[Site "Montreal CAN"]
[Date "1987.05.17"]
[Round "5"]
[White "Saint-Pierre, Benoit"]
[Black "Girard, Robin"]
[Result "1-0"]
[WhiteElo "1922"]
[BlackElo "2169"]
[PlyCount "93"]
[EventDate "1987.05.15"]
[EventType "tourn"]
[EventRounds "7"]
[EventCountry "CAN"]

1. e4 c5 2. Nf3 d6 3. Bb5+ Bd7 4. Bxd7+ Nxd7 5. O-O Ngf6 6. Re1 e6 7. c3 Be7 8.
d3 Qc7 9. Nbd2 h6 10. a4 g5 11. Nf1 O-O-O 12. Be3 g4 13. N3d2 h5 14. d4 Rdg8
15. b4 h4 16. f4 gxf3 17. Qxf3 Rg7 18. Bf4 e5 19. Be3 Rhg8 20. d5 Kb8 21. Re2
Rc8 22. Nb3 c4 23. Nbd2 Rcg8 24. Kh1 Nb6 25. Bg1 Rg4 26. a5 Nc8 27. h3 R4g6 28.
Bh2 Rg5 29. Ne3 b5 30. axb6 Nxb6 31. Nf5 Nh5 32. Nf1 R8g6 33. Rea2 Rf6 34. Qe3
Rfxf5 35. exf5 Rxf5 36. Qe4 Rf6 37. Ne3 Bd8 38. Ng4 Rg6 39. Qf3 Nc8 40. Nxe5
dxe5 41. Qxh5 Rg5 42. Qf3 Qd7 43. Qe4 Bc7 44. Qxc4 Nd6 45. Qxh4 Qe7 46. Qh8+
Nc8 47. Rxa7 1-0

[Event "Quebec-ch U20"]
[Site "Montreal CAN"]
[Date "1987.05.18"]
[Round "6"]
[White "Gagnon, Serge"]
[Black "Girard, Robin"]
[Result "0-1"]
[WhiteElo "1965"]
[BlackElo "2169"]
[PlyCount "60"]
[EventDate "1987.05.15"]
[EventType "tourn"]
[EventRounds "7"]
[EventCountry "CAN"]

1. d4 Nf6 2. c4 c5 3. d5 b5 4. cxb5 a6 5. bxa6 Bxa6 6. g3 g6 7. b3 d6 8. Bb2
Bg7 9. Nf3 O-O 10. Bg2 Nbd7 11. Nfd2 Nb6 12. Nf1 Bb7 13. e4 e6 14. dxe6 fxe6
15. f3 d5 16. Nbd2 Bh6 17. Qe2 Ba6 18. Qd1 Qe7 19. e5 Nfd7 20. f4 Rac8 21. Rc1
Rf7 22. Nf3 g5 23. fxg5 Bxg5 24. Nxg5 Qxg5 25. Qd2 Qh5 26. g4 Qxg4 27. Ng3 Rcf8
28. Rg1 Kh8 29. Rc2 d4 30. Qh6 Nxe5 0-1

[Event "Quebec-ch U20"]
[Site "Montreal CAN"]
[Date "1987.05.18"]
[Round "7"]
[White "Girard, Robin"]
[Black "Tremblay, Rejean"]
[Result "1/2-1/2"]
[WhiteElo "2169"]
[BlackElo "1828"]
[PlyCount "62"]
[EventDate "1987.05.15"]
[EventType "tourn"]
[EventRounds "7"]
[EventCountry "CAN"]

1. e4 e6 2. d4 d5 3. Nc3 Bb4 4. e5 b6 5. Nf3 Qd7 6. a3 Bf8 7. Be3 a5 8. Bd3 Ba6
9. O-O Ne7 10. b4 Bxd3 11. Qxd3 Nf5 12. b5 Be7 13. Na4 O-O 14. Rfd1 Rd8 15.
Rab1 Ra7 16. Rb3 Rb7 17. c4 Nxe3 18. fxe3 c6 19. cxd5 exd5 20. Rc1 cxb5 21.
Rxb5 Bxa3 22. Rc2 Bb4 23. Nxb6 Qe8 24. Ng5 g6 25. e4 Be7 26. h4 Bxg5 27. hxg5
dxe4 28. Qc4 Na6 29. Rcb2 Rc7 30. Qe2 Rc1+ 31. Kh2 Rxd4 1/2-1/2

[Event "Bonne annee"]
[Site "Charny CAN"]
[Date "1987.01.09"]
[Round "1"]
[White "Perreault, Jacquelin"]
[Black "Girard, Robin"]
[Result "0-1"]
[WhiteElo "1635"]
[BlackElo "2186"]
[PlyCount "87"]
[EventDate "1987.01.09"]
[EventType "swiss"]
[EventRounds "5"]
[EventCountry "CAN"]

1. Nf3 d5 2. g3 e6 3. Bg2 Nf6 4. O-O c5 5. c4 Nc6 6. cxd5 exd5 7. d4 Be7 8. Nc3
O-O 9. a3 c4 10. Bg5 Be6 11. Qc2 h6 12. Bxf6 Bxf6 13. e3 g6 14. b3 cxb3 15.
Qxb3 Na5 16. Qa2 Rc8 17. Rfc1 Qd6 18. Nd2 Rfd8 19. Ne2 g5 20. Nb3 Nc4 21. Nc5
Qe7 22. Rab1 Rc7 23. Nc3 b6 24. Nxe6 fxe6 25. Nb5 Rcc8 26. Bf1 a6 27. Nc3 b5
28. a4 b4 29. Bxc4 dxc4 30. Ne4 c3 31. Nc5 Qf7 32. Rxb4 e5 33. Qxf7+ Kxf7 34.
Rb7+ Kg6 35. Ne4 exd4 36. Rb6 d3 37. Rxf6+ Kg7 38. Rxc3 Rxc3 39. Nxc3 Kxf6 40.
Kf1 Rc8 41. Ne4+ Ke5 42. f3 Rc1+ 43. Kf2 Rc2+ 44. Ke1 0-1

[Event "Bonne annee"]
[Site "Charny CAN"]
[Date "1987.01.10"]
[Round "2"]
[White "Girard, Robin"]
[Black "Lapierre, Gaetan"]
[Result "1-0"]
[WhiteElo "2186"]
[BlackElo "1849"]
[PlyCount "71"]
[EventDate "1987.01.09"]
[EventType "swiss"]
[EventRounds "5"]
[EventCountry "CAN"]

1. e4 c5 2. Nf3 d6 3. d4 cxd4 4. Nxd4 Nf6 5. Nc3 a6 6. Bg5 Qa5 7. Qd2 Nc6 8.
Nb3 Qb4 9. Bxf6 gxf6 10. Qe3 f5 11. a3 f4 12. Qxf4 Qb6 13. Be2 Rg8 14. g3 Rg6
15. O-O Ne5 16. Nd5 Qd8 17. Qe3 Bh3 18. Rfd1 Rc8 19. c3 e6 20. Nf4 Bh6 21. Kh1
Nc4 22. Bxc4 Rxc4 23. Qd3 Bxf4 24. Qxc4 Qg5 25. Qc8+ Ke7 26. Qxb7+ Kf6 27. e5+
Bxe5 28. Nd2 d5 29. Nf3 Qf5 30. Nh4 Qxf2 31. Qxa6 Rxg3 32. hxg3 Bxg3 33. Rf1
Bxf1 34. Rxf1 Bxh4 35. Rxf2+ Bxf2 36. Qf1 1-0

[Event "Bonne annee"]
[Site "Charny CAN"]
[Date "1987.01.10"]
[Round "3"]
[White "Belanger, Denis"]
[Black "Girard, Robin"]
[Result "1/2-1/2"]
[WhiteElo "1871"]
[BlackElo "2186"]
[PlyCount "69"]
[EventDate "1987.01.09"]
[EventType "swiss"]
[EventRounds "5"]
[EventCountry "CAN"]

1. d4 Nf6 2. c4 e6 3. Nf3 d5 4. Nc3 Be7 5. Bg5 O-O 6. Qc2 h6 7. h4 c5 8. O-O-O
cxd4 9. Nxd4 hxg5 10. hxg5 Ne4 11. Nxe4 dxe4 12. Qxe4 Bxg5+ 13. f4 Bh6 14. Nxe6
Bxe6 15. Rxd8 Rxd8 16. e3 Nd7 17. Be2 Nc5 18. Qc2 f5 19. g4 fxg4 20. Rxh6 gxh6
21. Qg6+ Kf8 22. b4 Ke7 23. bxc5 Rg8 24. Qe4 Kf6 25. Qd4+ Kf7 26. f5 Bxf5 27.
Qf4 Kg6 28. e4 Be6 29. Qd6 Kf7 30. Qc7+ Kg6 31. Qxb7 h5 32. Qc6 Kf7 33. Qc7+
Kg6 34. Qd6 Kf7 35. Qc7+ 1/2-1/2

[Event "Bonne annee"]
[Site "Charny CAN"]
[Date "1987.01.11"]
[Round "4"]
[White "Girard, Robin"]
[Black "Auger, Bertrand"]
[Result "1-0"]
[WhiteElo "2186"]
[BlackElo "2000"]
[PlyCount "57"]
[EventDate "1987.01.09"]
[EventType "swiss"]
[EventRounds "5"]
[EventCountry "CAN"]

1. e4 e6 2. d4 d5 3. Nc3 Bb4 4. e5 c5 5. a3 Bxc3+ 6. bxc3 Ne7 7. a4 Nbc6 8. Nf3
Qa5 9. Bd2 Bd7 10. Be2 h6 11. h4 g6 12. Qc1 O-O-O 13. Qa3 c4 14. Nh2 f5 15.
exf6 Nf5 16. Ng4 h5 17. Ne5 Nxe5 18. dxe5 Bc6 19. Bf3 Rd7 20. O-O-O Qxa4 21.
Qxa4 Bxa4 22. g4 hxg4 23. Bxg4 Bc6 24. h5 gxh5 25. Bxf5 exf5 26. e6 Rd6 27. f7
Rxe6 28. Rhg1 Rd8 29. Rg8 1-0

[Event "Bonne annee"]
[Site "Charny CAN"]
[Date "1987.01.11"]
[Round "5"]
[White "Liard, Serge"]
[Black "Girard, Robin"]
[Result "0-1"]
[WhiteElo "1821"]
[BlackElo "2186"]
[PlyCount "90"]
[EventDate "1987.01.09"]
[EventType "swiss"]
[EventRounds "5"]
[EventCountry "CAN"]

1. e4 e6 2. d4 d5 3. Nc3 Bb4 4. e5 c5 5. a3 Bxc3+ 6. bxc3 Ne7 7. a4 Nbc6 8. Nf3
Qa5 9. Bd2 Bd7 10. Ng5 h6 11. Nh3 O-O-O 12. Nf4 Qc7 13. Ne2 f6 14. f4 fxe5 15.
fxe5 Rdf8 16. Be3 g5 17. Qd2 Nf5 18. Bf2 Be8 19. g4 Nh4 20. Bxh4 gxh4 21. Bh3
Na5 22. g5 Qe7 23. Nf4 Nc4 24. Nxd5 Qd7 25. Qg2 cxd4 26. Nf6 Qc7 27. Bxe6+ Kb8
28. Bxc4 Qxc4 29. Qd2 Bc6 30. Rg1 hxg5 31. cxd4 g4 32. Qd3 Qe6 33. O-O-O Bxa4
34. Rde1 Rc8 35. d5 Qe7 36. d6 Qe6 37. Qa3 Bxc2 38. Kd2 Bf5 39. Ra1 a6 40. Qe3
Rc2+ 41. Kd1 Qc4 42. d7 Rc3 43. Qf2 Rf3 44. Qxf3 gxf3 45. e6 Qd3+ 0-1

[Event "CAN-ch U20 1986-87"]
[Site "Edmonton CAN"]
[Date "1987.??.??"]
[Round "1"]
[White "Southam, Todd"]
[Black "Girard, Robin"]
[Result "0-1"]
[WhiteElo "2300"]
[BlackElo "2218"]
[PlyCount "52"]
[EventDate "1986.12.27"]
[EventType "tourn"]
[EventRounds "11"]
[EventCountry "CAN"]

1. d4 Nf6 2. c4 c5 3. d5 b5 4. Nf3 Bb7 5. a4 bxc4 6. Nc3 e6 7. e4 Qa5 8. Bd2
Qb6 9. Bxc4 Nxe4 10. Nxe4 exd5 11. O-O dxc4 12. Re1 Be7 13. Bg5 Bxe4 14. Rxe4
f6 15. Bf4 Qb7 16. Qe2 d5 17. Re6 Nc6 18. Bd6 Kf7 19. Bxe7 Nxe7 20. Re1 Rhe8
21. Nh4 Qd7 22. Qg4 Ng6 23. Nf3 Rxe6 24. Ng5+ fxg5 25. Qf5+ Kg8 26. Rxe6 Rf8
0-1

[Event "CAN-ch U20 1986-87"]
[Site "Edmonton CAN"]
[Date "1987.??.??"]
[Round "2"]
[White "Girard, Robin"]
[Black "Bosenius, Bob"]
[Result "1-0"]
[WhiteElo "2218"]
[BlackElo "2076"]
[PlyCount "81"]
[EventDate "1986.12.27"]
[EventType "tourn"]
[EventRounds "11"]
[EventCountry "CAN"]

1. e4 c6 2. d4 d5 3. Nc3 dxe4 4. Nxe4 Nd7 5. Bc4 Ngf6 6. Ng5 e6 7. Qe2 Nb6 8.
Bd3 h6 9. N5f3 c5 10. dxc5 Bxc5 11. Ne5 Nbd7 12. Ngf3 Nxe5 13. Nxe5 O-O 14. Bd2
Qd5 15. O-O Bd4 16. Bf4 Bxb2 17. Rad1 Qa5 18. Nc4 Qxa2 19. c3 Nd5 20. Bxh6 Nxc3
21. Qh5 gxh6 22. Rd2 Nd5 23. Rxb2 Qa4 24. Qxh6 f5 25. f4 Rf6 26. Qg5+ Kf8 27.
Rf3 Qa1+ 28. Bf1 b5 29. Ra3 Qc1 30. Rd2 Ke7 31. Rxd5 bxc4 32. Rda5 a6 33. Rh3
Qb2 34. Qg7+ Kd6 35. Re5 Qb6+ 36. Rhe3 Qd8 37. Bxc4 Qf8 38. Qg3 Bd7 39. Qe1 Qg8
40. Qb4+ Kc7 41. Qa5+ 1-0

[Event "CAN-ch U20 1986-87"]
[Site "Edmonton CAN"]
[Date "1987.??.??"]
[Round "3"]
[White "Johnson, Chris"]
[Black "Girard, Robin"]
[Result "0-1"]
[WhiteElo "2199"]
[BlackElo "2218"]
[PlyCount "66"]
[EventDate "1986.12.27"]
[EventType "tourn"]
[EventRounds "11"]
[EventCountry "CAN"]

1. Nf3 Nf6 2. b3 g6 3. Bb2 Bg7 4. e3 O-O 5. c4 c5 6. d3 Nc6 7. Be2 d5 8. Ne5
Qd6 9. Nxc6 bxc6 10. Nd2 Nd7 11. Bxg7 Kxg7 12. O-O f5 13. Bf3 e6 14. Rc1 Bb7
15. Re1 Rac8 16. d4 Rfd8 17. Qc2 e5 18. cxd5 cxd5 19. Nc4 Qa6 20. Nd2 cxd4 21.
Qb2 d3 22. Bd1 Rxc1 23. Qxc1 Rc8 24. Qb2 Kg8 25. Nf3 Qa5 26. b4 Qc7 27. Bb3 Qc3
28. Qxc3 Rxc3 29. Rd1 Kg7 30. Kf1 Ba6 31. Bxd5 d2+ 32. Kg1 Rc1 33. Bb3 Be2 0-1

[Event "CAN-ch U20 1986-87"]
[Site "Edmonton CAN"]
[Date "1987.??.??"]
[Round "4"]
[White "Huda, Rehan"]
[Black "Girard, Robin"]
[Result "1/2-1/2"]
[WhiteElo "2164"]
[BlackElo "2218"]
[PlyCount "24"]
[EventDate "1986.12.27"]
[EventType "tourn"]
[EventRounds "11"]
[EventCountry "CAN"]

1. Nf3 c5 2. c4 Nf6 3. Nc3 e6 4. g3 b6 5. Bg2 Bb7 6. d4 cxd4 7. Qxd4 Be7 8. O-O
d6 9. Bg5 a6 10. Rfd1 Nbd7 11. Rac1 O-O 12. e4 Qc7 1/2-1/2

[Event "CAN-ch U20 1986-87"]
[Site "Edmonton CAN"]
[Date "1987.??.??"]
[Round "5"]
[White "Girard, Robin"]
[Black "Basanta, Gary"]
[Result "1-0"]
[WhiteElo "2218"]
[BlackElo "2261"]
[PlyCount "56"]
[EventDate "1986.12.27"]
[EventType "tourn"]
[EventRounds "11"]
[EventCountry "CAN"]

1. e4 c5 2. Nf3 d6 3. d4 cxd4 4. Nxd4 Nf6 5. Nc3 a6 6. Bg5 e6 7. f4 Be7 8. Qf3
Qc7 9. O-O-O Nbd7 10. Bd3 b5 11. Rhe1 Bb7 12. Qg3 O-O-O 13. Bxb5 axb5 14. Ndxb5
Qc5 15. e5 Nb6 16. exf6 gxf6 17. Bh4 Rhg8 18. Qd3 Rxg2 19. Qxh7 Na4 20. Qxf7
Qb4 21. Qxe6+ Rd7 22. Nxa4 Qxf4+ 23. Kb1 Qxa4 24. Nd4 Qa5 25. Nf5 Bf8 26. Rd3
Bc6 27. Bxf6 Kc7 28. Rc3 Qc5 1-0

[Event "CAN-ch U20 1986-87"]
[Site "Edmonton CAN"]
[Date "1987.??.??"]
[Round "6"]
[White "Demers, Chris"]
[Black "Girard, Robin"]
[Result "1/2-1/2"]
[WhiteElo "2049"]
[BlackElo "2218"]
[PlyCount "60"]
[EventDate "1986.12.27"]
[EventType "tourn"]
[EventRounds "11"]
[EventCountry "CAN"]

1. Nf3 g6 2. b3 Bg7 3. d4 Nf6 4. Bb2 O-O 5. Nbd2 d5 6. e3 Bg4 7. Be2 Re8 8. O-O
Nbd7 9. c4 c6 10. h3 Bxf3 11. Nxf3 Ne4 12. cxd5 cxd5 13. Rc1 Qa5 14. a3 Rec8
15. b4 Qb6 16. Qa4 Rxc1 17. Rxc1 Qe6 18. Rc7 Nb6 19. Qc2 Nd6 20. Nd2 Rc8 21.
Rc5 Bh6 22. Bg4 f5 23. Bf3 Qd7 24. a4 e6 25. a5 Nbc4 26. Nxc4 Nxc4 27. Be2 Rxc5
28. dxc5 Nxb2 29. Qxb2 Bg7 30. Qb3 a6 1/2-1/2

[Event "CAN-ch U20 1986-87"]
[Site "Edmonton CAN"]
[Date "1987.??.??"]
[Round "7"]
[White "Girard, Robin"]
[Black "Peckford, William"]
[Result "1-0"]
[WhiteElo "2218"]
[BlackElo "2163"]
[PlyCount "85"]
[EventDate "1986.12.27"]
[EventType "tourn"]
[EventRounds "11"]
[EventCountry "CAN"]

1. e4 c5 2. Nf3 d6 3. d4 cxd4 4. Nxd4 Nf6 5. Nc3 g6 6. Be2 Bg7 7. O-O O-O 8.
Nb3 Nc6 9. Bg5 Rb8 10. a4 Be6 11. f4 Qb6+ 12. Kh1 Bxb3 13. cxb3 Qb4 14. Bf3 Na5
15. e5 dxe5 16. fxe5 Rfd8 17. Qe2 Nxb3 18. Ra3 Nd4 19. Qf2 Nxf3 20. Qxf3 Nd7
21. Qxf7+ Kh8 22. Bxe7 Qxb2 23. Rb3 Qd2 24. Bxd8 Rxd8 25. Rd1 Nxe5 26. Rxd2
Nxf7 27. Rxd8+ Nxd8 28. Nb5 Nc6 29. Rd3 a6 30. Nc7 Kg8 31. Ne6 Be5 32. Nd8 Na5
33. Rd5 Bc3 34. Kg1 Kf8 35. Ne6+ Ke7 36. Ng5 h6 37. Ne4 Bb4 38. Kf2 Nc4 39. Ke2
Nb2 40. Nc5 a5 41. Rd7+ Kf6 42. Rxb7 Bxc5 43. Rxb2 1-0

[Event "CAN-ch U20 1986-87"]
[Site "Edmonton CAN"]
[Date "1987.??.??"]
[Round "8"]
[White "Johnson, Tyler"]
[Black "Girard, Robin"]
[Result "0-1"]
[WhiteElo "2125"]
[BlackElo "2218"]
[PlyCount "80"]
[EventDate "1986.12.27"]
[EventType "tourn"]
[EventRounds "11"]
[EventCountry "CAN"]

1. e4 c5 2. c3 e6 3. d4 d5 4. Nd2 cxd4 5. cxd4 dxe4 6. Nxe4 Bb4+ 7. Nc3 Ne7 8.
Nf3 Nbc6 9. Bd3 Nd5 10. Bd2 O-O 11. O-O Be7 12. a3 Bf6 13. Nxd5 Qxd5 14. Bc3
Bd7 15. Qe2 Rfd8 16. Rfd1 Qh5 17. Be4 Be8 18. a4 Rab8 19. Qb5 Qg4 20. Qd3 g6
21. b4 Ne7 22. b5 Bg7 23. Qe2 Nd5 24. Bd2 a6 25. h3 Nf4 26. Bxf4 Qxf4 27. g3
Qd6 28. Rab1 axb5 29. axb5 Qb6 30. Qe3 Ra8 31. Kg2 Ra2 32. Rb3 e5 33. d5 Qd6
34. Qc3 f5 35. Bb1 e4 36. Nd4 Ra4 37. Kg1 Qxd5 38. Ra3 Rxd4 39. Rf1 Rd1 40. Ba2
Rxf1+ 0-1

[Event "CAN-ch U20 1986-87"]
[Site "Edmonton CAN"]
[Date "1987.??.??"]
[Round "9"]
[White "Girard, Robin"]
[Black "Sasata, Robert"]
[Result "1/2-1/2"]
[WhiteElo "2218"]
[BlackElo "2199"]
[PlyCount "29"]
[EventDate "1986.12.27"]
[EventType "tourn"]
[EventRounds "11"]
[EventCountry "CAN"]

1. e4 c6 2. c4 d5 3. exd5 cxd5 4. cxd5 Nf6 5. Qa4+ Nbd7 6. Nc3 g6 7. g3 Bg7 8.
Bg2 O-O 9. Nge2 Nb6 10. Qb3 a5 11. Nf4 a4 12. Qd1 Bg4 13. Bf3 Qd7 14. Bxg4 Nxg4
15. O-O 1/2-1/2

[Event "CAN-ch U20 1986-87"]
[Site "Edmonton CAN"]
[Date "1987.??.??"]
[Round "10"]
[White "Puri, Vinny"]
[Black "Girard, Robin"]
[Result "1-0"]
[WhiteElo "2315"]
[BlackElo "2218"]
[PlyCount "119"]
[EventDate "1986.12.27"]
[EventType "tourn"]
[EventRounds "11"]
[EventCountry "CAN"]

1. c4 e6 2. d4 d5 3. Nf3 Nf6 4. Bg5 Be7 5. Nc3 O-O 6. e3 h6 7. Bh4 b6 8. cxd5
Nxd5 9. Bxe7 Qxe7 10. Nxd5 exd5 11. Rc1 Be6 12. Bd3 c5 13. dxc5 bxc5 14. O-O
Nd7 15. e4 d4 16. Nd2 Ne5 17. Qe2 Rfd8 18. b3 a5 19. Bb1 f6 20. f4 Nd7 21. g4
Bf7 22. e5 fxe5 23. Rce1 Re8 24. Nf3 e4 25. Bxe4 Nf6 26. Bh7+ Kf8 27. Qd3 Qd6
28. Ne5 Nxh7 29. Qxh7 Rad8 30. Qf5 Re7 31. Nd3 a4 32. Rxe7 Qxe7 33. Re1 Qd6 34.
Nxc5 Kg8 35. Qe5 Qg6 36. Qf5 Qxf5 37. gxf5 axb3 38. axb3 Rb8 39. Rd1 Rb4 40.
Kf2 Rb5 41. Ne6 Rxf5 42. Nxd4 Rxf4+ 43. Kg3 Rf6 44. b4 Rb6 45. Rb1 Bc4 46. Kf4
Rd6 47. Ke5 Rb6 48. b5 Kf7 49. Rb4 Bd3 50. Kd5 g5 51. Kc5 Rb8 52. b6 Ba6 53.
Nc6 Re8 54. Ra4 Bc8 55. Ra8 g4 56. Nd4 Re1 57. Kd6 Rc1 58. Nc6 Rb1 59. Kc7 Bf5
60. b7 1-0

[Event "CAN-ch U20 1986-87"]
[Site "Edmonton CAN"]
[Date "1987.??.??"]
[Round "11"]
[White "Girard, Robin"]
[Black "Gentes, Kevin"]
[Result "1/2-1/2"]
[WhiteElo "2218"]
[BlackElo "2210"]
[PlyCount "36"]
[EventDate "1986.12.27"]
[EventType "tourn"]
[EventRounds "11"]
[EventCountry "CAN"]

1. e4 e6 2. d4 d5 3. exd5 exd5 4. Bd3 Nc6 5. c3 Bd6 6. Ne2 Qh4 7. Ng3 Nge7 8.
Nd2 Bg4 9. Be2 Bxe2 10. Qxe2 O-O 11. Nf3 Qg4 12. O-O Rfe8 13. Re1 Qd7 14. Qd3
f6 15. Bd2 Bxg3 16. hxg3 Nf5 17. Rxe8+ Rxe8 18. Re1 Nd6 1/2-1/2

[Event "Quebec op"]
[Site "Montreal CAN"]
[Date "1986.08.07"]
[Round "5"]
[White "Girard, Robin"]
[Black "Clement, Michel"]
[Result "1-0"]
[WhiteElo "2206"]
[BlackElo "1819"]
[PlyCount "57"]
[EventDate "1986.08.03"]
[EventType "swiss"]
[EventRounds "8"]
[EventCountry "CAN"]

1. e4 c5 2. Nf3 Nc6 3. d4 cxd4 4. Nxd4 d6 5. Nc3 Nf6 6. Bc4 e6 7. Be3 Be7 8.
Qe2 a6 9. O-O-O Qc7 10. Bb3 Bd7 11. Rhg1 Na5 12. g4 Nxb3+ 13. axb3 h6 14. f4 b5
15. g5 hxg5 16. fxg5 Nh5 17. g6 O-O-O 18. gxf7 Rdf8 19. Rdf1 Rh7 20. Qg2 Rfh8
21. Qg6 Nf6 22. b4 Bf8 23. Bg5 Qc4 24. Nb3 Rxh2 25. Bxf6 gxf6 26. Qxf6 e5 27.
Rg8 Rxc2+ 28. Kxc2 Rh2+ 29. Rf2 1-0

[Event "Quebec op"]
[Site "Montreal CAN"]
[Date "1986.08.09"]
[Round "7"]
[White "Girard, Robin"]
[Black "Ahad, Noorul"]
[Result "1-0"]
[WhiteElo "2167"]
[BlackElo "1932"]
[PlyCount "91"]
[EventDate "1986.08.03"]
[EventType "swiss"]
[EventRounds "8"]
[EventCountry "CAN"]

1. e4 d6 2. d4 Nf6 3. Nc3 g6 4. g3 Bg7 5. Bg2 O-O 6. Nge2 e5 7. O-O c6 8. h3
Re8 9. a4 a5 10. Be3 Nbd7 11. dxe5 dxe5 12. Qd2 Qe7 13. f4 Qb4 14. f5 Nc5 15.
g4 Bd7 16. b3 Rad8 17. Qe1 Na6 18. Bg5 gxf5 19. Qh4 Qc5+ 20. Kh1 Re6 21. exf5
Rd6 22. Ne4 Nxe4 23. Bxd8 Rh6 24. Qe1 Qxc2 25. Ng3 Nxg3+ 26. Qxg3 f6 27. Rad1
Be8 28. Bb6 Nc5 29. Rd8 Kf7 30. Qf2 Qxf2 31. Rxf2 Nxb3 32. Be3 Rh4 33. Rb2 Ke7
34. Rxe8+ Kxe8 35. Rxb3 b5 36. axb5 cxb5 37. Rxb5 Bf8 38. Rxa5 Bb4 39. Ra7 Be1
40. Bc5 e4 41. Kh2 Bc3 42. Bxe4 Be5+ 43. Kg2 h5 44. Bc6+ Kd8 45. Bb6+ Kc8 46.
Rg7 1-0

[Event "Quebec op"]
[Site "Montreal CAN"]
[Date "1986.08.19"]
[Round "8"]
[White "Gagnon, Michel"]
[Black "Girard, Robin"]
[Result "1/2-1/2"]
[WhiteElo "2157"]
[BlackElo "2182"]
[PlyCount "72"]
[EventDate "1986.08.03"]
[EventType "swiss"]
[EventRounds "8"]
[EventCountry "CAN"]

1. e4 c5 2. Nf3 d6 3. d4 cxd4 4. Nxd4 Nf6 5. Nc3 g6 6. Bc4 Bg7 7. Bb3 O-O 8. f3
Nc6 9. Be3 Bd7 10. Qd2 Ne5 11. O-O-O Rc8 12. h4 h5 13. Bh6 Bxh6 14. Qxh6 Rxc3
15. bxc3 Qc7 16. Qe3 b5 17. g4 a5 18. gxh5 a4 19. hxg6 axb3 20. gxf7+ Kxf7 21.
axb3 Qc5 22. h5 Ra8 23. h6 b4 24. c4 Nxf3 25. Kb2 Nxd4 26. Qxd4 Qxd4+ 27. Rxd4
Bc6 28. Rh4 Rh8 29. c3 bxc3+ 30. Kxc3 Nxe4+ 31. Rdxe4 Bxe4 32. Rxe4 Rxh6 33.
Kd4 Ke8 34. b4 Kd7 35. b5 Rh1 36. Re2 Rh3 1/2-1/2

[Event "Quebec-ch U20"]
[Site "Montreal CAN"]
[Date "1986.??.??"]
[Round "?"]
[White "Saint-Pierre, Benoit"]
[Black "Girard, Robin"]
[Result "0-1"]
[WhiteElo "1813"]
[BlackElo "2115"]
[PlyCount "54"]
[EventDate "1986.03.02"]
[EventType "swiss"]
[EventRounds "4"]
[EventCountry "CAN"]

1. d4 Nf6 2. c4 c5 3. Nf3 cxd4 4. Nxd4 e5 5. Nb5 d5 6. cxd5 Bc5 7. N5c3 O-O 8.
e3 e4 9. a3 a5 10. Nd2 Qe7 11. Be2 Rd8 12. Qa4 Bf5 13. O-O Nbd7 14. Nb3 Bb6 15.
Nd4 Bg6 16. Qb3 Qe5 17. f4 exf3 18. Rxf3 Bc7 19. g3 Nc5 20. Qc4 Nce4 21. Bd3
Rac8 22. Bxe4 Nxe4 23. Nxe4 Qxe4 24. Qb3 Be5 25. Bd2 a4 26. Qxa4 Bxd4 27. Qxd4
Qxf3 0-1

[Event "Carnaval"]
[Site "Quebec CAN"]
[Date "1986.02.15"]
[Round "2"]
[White "Girard, Robin"]
[Black "Gagnon, Fabien"]
[Result "1-0"]
[WhiteElo "2100"]
[BlackElo "1728"]
[PlyCount "103"]
[EventDate "1986.02.14"]
[EventType "swiss"]
[EventRounds "5"]
[EventCountry "CAN"]

1. e4 e6 2. d4 d5 3. Nc3 Bb4 4. e5 c5 5. a3 Bxc3+ 6. bxc3 Qc7 7. Nf3 b6 8. Bb5+
Bd7 9. Bxd7+ Qxd7 10. O-O Ne7 11. a4 Nbc6 12. Ba3 Qc7 13. Ng5 Na5 14. Qh5 Ng6
15. f4 h6 16. Nxe6 fxe6 17. Qxg6+ Qf7 18. Qxf7+ Kxf7 19. dxc5 bxc5 20. Bxc5
Rhc8 21. Bd4 Nc6 22. Rab1 Rc7 23. Bc5 Na5 24. Rb5 Nc4 25. Rfb1 Rac8 26. Rb7 Kg6
27. Bd6 Rc6 28. Rxa7 Nxd6 29. exd6 Rxd6 30. Rbb7 Rxc3 31. Rxg7+ Kf5 32. Rgc7
Rdc6 33. Rxc6 Rxc6 34. Rf7+ Ke4 35. Rf6 Rxc2 36. Rxe6+ Kxf4 37. Rxh6 d4 38.
Rf6+ Ke3 39. h4 d3 40. Re6+ Kd2 41. Kf2 Kc1+ 42. Kf3 d2 43. Rd6 Rc4 44. h5
d1=Q+ 45. Rxd1+ Kxd1 46. g4 Rxa4 47. h6 Kd2 48. h7 Ra8 49. g5 Kd3 50. g6 Rf8+
51. Kg4 Ke4 52. g7 1-0

[Event "CAN-ch U20 1985-86"]
[Site "Toronto CAN"]
[Date "1985.12.26"]
[Round "1"]
[White "Puri, Vinny"]
[Black "Girard, Robin"]
[Result "1/2-1/2"]
[WhiteElo "2209"]
[BlackElo "2147"]
[PlyCount "82"]
[EventDate "1985.12.26"]
[EventType "tourn"]
[EventRounds "11"]
[EventCountry "CAN"]

1. d4 Nf6 2. c4 e6 3. Nf3 b6 4. a3 Bb7 5. Nc3 d5 6. cxd5 Nxd5 7. Qc2 g6 8. e4
Nxc3 9. bxc3 Bg7 10. Bb5+ c6 11. Bd3 O-O 12. O-O Qd6 13. a4 Rd8 14. Ba3 Qc7 15.
Rac1 c5 16. Qe2 Nd7 17. Rfd1 Nf6 18. a5 Bc6 19. Ne5 Ba4 20. Bc2 Bxc2 21. Rxc2
Nxe4 22. Nxf7 Nxc3 23. Nh6+ Bxh6 24. Rxc3 Qd7 25. Rcd3 Qc6 26. dxc5 Rxd3 27.
Qxd3 bxc5 28. Qd7 Qxd7 29. Rxd7 Rc8 30. Rxa7 c4 31. g3 c3 32. a6 c2 33. Rb7
c1=Q+ 34. Bxc1 Rxc1+ 35. Kg2 Ra1 36. a7 Bf8 37. Kf3 Ra4 38. Ke2 Ra3 39. f4 h6
40. h4 h5 41. Rd7 Kh8 1/2-1/2